Biggest Cities in Manitoba on the Map - Statistics

General Stats
  • This quiz has been taken 142 times
  • The average score is 9 of 20
Answers on the Map
Answers color-coded by a green-red scale on the quiz's map according to % correct below.
 
Answer Stats
Population City % Correct
758 k Winnipeg
98%
50.5 k Brandon
77%
12.3 k Thompson
63%
12.9 k Portage la Prairie
61%
4.7 k Flin Flon
58%
8.0 k Dauphin
56%
17.5 k Steinbach
56%
7.3 k The Pas
54%
15.3 k Winkler
51%
9.1 k Morden
50%
9.7 k Selkirk
50%
3.1 k Beausejour
35%
4.2 k Altona
33%
5.0 k Stonewall
32%
3.9 k Swan River
32%
4.9 k Neepawa
31%
5.0 k Oakbank
29%
5.5 k Niverville
25%
3.2 k Lorette
23%
3.1 k Mitchell
17%
No matching quizzes found
Score Distribution
Percent of People with Each Score
Percentile by Number Answered
Your Score History
You have not taken this quiz